Villes de France en 4 lettres - de A à Z - Statistiques

Statistiques générales
  • Ce quiz a été pris 209 fois
  • Le résultat moyen est 10 sur 22
Statistiques - réponses
Lettre Réponse % Correct
A Aast| Abos| Achy| Acon| Adon| Agde| Agel| Agen| Agey| Agmé| Agny| Ahun| Ahuy| Aime| Aire| Aiti| Aize| Ajac| Ajat| Ajou| Alan| Albé| Albi| Alès| Aleu| Alex| Alix| Ally| Alos| Alzi| Ames| Amné| Amou| Anan| Ance| Ancy| Andé| Anet| Angé| Angy| Anla| Anor| Anos| Anse| Appy| Arcs| Aren| Arès| Argy| Arné| Aron| Aroz| Arre| Arro| Arry| Arsy| Arue| Asco| Asté| Atur| Aube| Auby| Auch| Auga| Auge| Augé| Augy| Ault| Aups| Aure| Auty| Auve| Auxy| Avon| Avot| Axat| Ayen| Ayse| Azas| Azet| Azur|
84%
L Laas| Laàs| Lacq| Lacs| Lain| Laix| Laiz| Lajo| Lama| Lano| Lans| Laon| Laps| Lauw| Laye| Léaz| Lect| Lège| Legé| Lème| Lemé| Lens| Lent| Léon| Léré| Léry| Leuc| Leuy| Lexy| Leyr| Lhez| Lhor| Liac| Lias| Lies| Liez| Limé| Liré| Liry| Litz| Lixy| Lizy| Lods| Loge| Lohr| Loix| Long| Lons| Loos| Loré| Loué| Loye| Loze| Lucé| Lucy| Lude| Lugy| Luot| Lupé| Lure| Luré| Luri| Lurs| Luxé| Luze| Luzé| Luzy| Lyas| Lyon|
84%
C Caen| Caix| Came| Caro| Cars| Cast| Catz| Caux| Cély| Cère| Cers| Cézy| Chas| Chay| Chéu| Chey| Chis| Ciel| Ciez| Cize| Clam| Clat| Coëx| Coly| Corn| Côte| Coux| Couy| Cras| Crau| Crès| Cros| Cucq| Cuis| Cula| Cult| Cuon| Cusy| Cuts| Cuve| Cuzy|
78%
M Macé| Mage| Mâle| Mana| Mane| Mano| Mans| Mant| Many| Mars| Mary| Maux| Maxe| Mazé| Mecé| Mées| Meix| Mela| Mené| Mens| Méon| Méré| Méru| Méry| Metz| Meux| Mexy| Meys| Mèze| Migé| Mios| Miré| Môle| Momy| Mons| Mont| Mory| Motz| Moux| Mouy| Moye| Muel| Mung| Mure| Muro| Murs| Muzy| Myon|
72%
N Nans| Nant| Narp| Néac| Neau| Nécy| Néré| Ners| Néry| Nice| Nocé| Noës| Noth| Noue| Nyer|
63%
S Sacé| Sacy| Sada| Sagy| Saix| Saïx| Sana| Sand| Saon| Saou| Sare| Sarp| Sars| Saül| Saux| Savy| Saze| Scye| Séby| Sées| Séez| Seix| Séné| Sens| Sepx| Sère| Sers| Sery| Sète| Seur| Seux| Sigy| Sion| Socx| Sode| Sône| Sore| Sost| Soye| Spay| Spoy| Suin| Supt| Suré| Sury| Suze| Suzy| Syam|
58%
F Fals| Faou| Faye| Fays| Féas| Fère| Fête| Feux| Feyt| Fiac| Fied| Fieu| Fins| Flat| Flée| Fley| Flin| Fluy| Foce| Fœil| Foix| Fons| Fors| Foug| Four|
55%
B Baby| Bach| Baho| Bais| Baix| Bans| Baon| Barc| Bard| Barp| Barr| Bars| Bart| Bats| Baud| Baye| Belz| Bény| Béon| Berg| Bert| Béru| Betz| Beux| Bévy| Bèze| Bias| Bief| Biol| Bion| Biot| Bize| Blan| Blay| Blet| Blou| Blye| Bocé| Bogy| Bois| Bomy| Bona| Bono| Bony| Boos| Born| Bosc| Bost| Boué| Bouy| Bram| Bran| Bras| Brax| Bray| Brée| Bren| Brie| Brix| Broc| Bron| Brou| Brux| Bruz| Buhl| Buhy| Buis| Bult| Bure| Buré| Burg| Bury| Bust| Busy| Buxy| Buzy|
52%
E Écly| Écos| Écot| Édon| Égat| Égly| Égry| Élan| Elne| Eoux| Éply| Ercé| Érin| Erre| Ersa| Esse| Essé| Étel| Éton| Étuz| Euvy| Évry| Eyne|
51%
V Vaas| Vals| Vans| Vany| Vars| Vast| Vaux| Vaxy| Véel| Vého| Veix| Vélu| Vero| Vers| Vert| Véry| Vesc| Vevy| Veys| Vèze| Viam| Vias| Vico| Vicq| Vieu| Viey| Vigy| Vimy| Vion| Vira| Vire| Viré| Viry| Vivy| Volx| Voué| Vred| Vron|
51%
D Dabo| Daix| Daon| Daux| Dému| Dicy| Dilo| Diou| Dizy| Doix| Dole| Dolo| Doue| Doux| Doye| Drap| Drée| Drom| Dung| Dury| Duvy|
50%
R Raix| Rang| Rans| Raze| Réal| Réau| Recy| Rely| Remy| Rémy| René| Rety| Reux| Rezé| Rheu| Riez| Riom| Rioz| Rocé| Rœux| Rogy| Rohr| Rots| Rott| Roux| Rouy| Rove| Roye| Ruan| Ruca| Ruch| Rupt| Russ| Ryes|
48%
G Gaas| Gacé| Gaël| Gans| Garn| Gars| Gast| Gaye| Geay| Gené| Germ| Géry| Gets| Giat| Gicq| Gidy| Gien| Giez| Giry| Gizy| Glay| Glos| Glun| Goas| Goès| Goin| Goos| Goux| Gouy| Gras| Gray| Grès| Grez| Gron| Guer| Guny| Gurs| Gury|
47%
T Taïx| Tanu| Tart| Tech| Teil| Thel| Thil| This| Thor| Thou| Thuy| Thyl| Tigy| Tilh| Toul| Tour| Troo| Trun|
44%
J Jans| Jard| Jars| Jaux| Jaxu| Joch| Jœuf| Jons| Jort| Joux| Jouy| Joze| Juch| Jugy| Juif| Juré| Jury|
40%
P Pabu| Pacé| Pact| Parc| Pazy| Péas| Pech| Pecq| Pécy| Péré| Peri| Pern| Pers| Pévy| Pino| Pins| Pisy| Plan| Plou| Poët| Poil| Poix| Pomy| Pons| Pont| Port| Pout| Pouy| Prat| Pray| Prés| Prey| Prez| Puch| Puid| Pujo| Pure| Puxe| Puye| Pyle|
39%
O Odos| Oger| Ohis| Oiry| Oisy| Oizé| Olby| Ollé| Olmo| Omet| Omex| Omey| Omps| Onay| Onoz| Opio| Oppy| Orin| Orlu| Orly| Orny| Oron| Orto| Orus| Orve| Osny| Osse| Ossé| Othe| Ouge| Oust| Oyes| Oyeu| Oyré| Ozan| Ozon|
37%
U Ucel| Ugny| Ulis| Unac| Upie| Urau| Urcy| Urzy| Ussy| Uxem| Uzan| Uzel| Uzer| Uzès| Uzos|
32%
H Hans| Hary| Haux| Haye| Hays| Hecq| Hénu| Herm| Héry| Hézo| Hiis| Hinx| Houx| Huez| Huos| Hure| Hyds| Hyet|
22%
I Ibos| Ichy| Iffs| Igny| Igon| Illy| Inor| Irai| Iron| Isle| Isse| Issé| Iwuy| Izon|
22%
Y Ydes| Youx| Yutz| Yves|
11%
W Wail| Waly| Wast| Wimy| Woël|
4%
Aucun quiz correspondant
Distribution des résultats
% des personnes avec chaque résultat
Percentile par nombre de réponses
Votre historique - résultats
Vous n’avez pas pris ce quiz